00551nam a2200181 4500008004100000020002100041100002200062245006200084260003800146300003300184504004100217650002300258650003500281650002600316003000100342005001700343040000900360  a047124340X(hbk.)1 aEpstein, Emanuel.10aMineral nutrition of plants: principles and perspectives. aNew York :bWiley,c[1971, c1972] aix, 412 p. :bill. ;c24 cm. aIncludes bibliographical references. 0aPlantsxNutrition. 0aPlants, Effect of minerals on. 0aPlantsxAssimilation.20230123134026.0 cNUST